000 010370am a2200253 004500
003 EG-GiCUC
008 070625s1922 ua g 000 0 ara d
040 _aEG-GiCUC
_bara
_cEG-GiCUC
043 _ae-it---
050 4 _aDG550.5.
_bS2 1922
092 0 4 _a945.08
_bS118
_221
099 _a04
_a945.08 S118
100 1 _aصبرى : محمد :
_d1894-1978
245 1 0 _aتاريخ الحركة الاستقلالية فى ايطاليا /
_cمحمد صبرى ؛ مقدمة بقلم خليل مطران
246 3 0 _aالحركة الاستقلالية فى ايطاليا
260 _aالقاهرة :
_bالمكتبة التجارية :
_c1922
300 _a87ص ؛
_c24سم
500 _aمحاضرة تاريخية القاها المؤلف فى الجامعة المصرية
651 7 _aايطاليا
_xتاريخ
_yنمو القومية (1796-1870م)
_vخطب و مقالات و محاضرات
_2qrmak
700 1 _aمطران : خليل :
_d1872-1949
902 _a1
905 _aجيهان
_eمدخل
942 _2ddc
_cBK
999 _c97594
_d97594